00640nam a2200229Ia 450000100060000000300090000600800410001504000130005604000130006904100130008210000200009510000290011524500450014424500340018925000110022326000090023426000120024326000490025530000390030465000360034365000310037917539IT-RoPAU130308s9999 xx 000 0 und d aIT-RoPAU cIT-RoPAU aITALIANO aFlores Marcello gCodice Aut. SPICS: 6579 aAlcune note su Pci e Dc dal 1948 al 1953 bVia Il regime della Forchetta a1a ed. aROMA bSavelli c1976 [1° Ed.:1976 - Ed.Ling.Originale:1976] a"4 p. (prefazione: no ; testo: 4)" aSTORIA NAZIONALE DEL manifesto  eCodice materia Spics: 6309